Music Quiz

Random Music or Clickable Quiz
Score 0/40 Timer 06:00
0 Plays Today
% Correct
Thing
92.3%
Help
91.1%
Hood
91.1%
You
90.4%
Magic
89.2%
Time
88.1%
Late
88%
Dream
88%
More
87.4%
Closer
87.3%
Prayer
86.4%
Love
84.8%
Corvette
84.1%
Smile
78.7%
Susie
77.9%
Tenderness
77.7%
Conversation
76.9%
Lady
76.3%
Dance
74.5%
Helper
72.7%
% Correct
Coupe
71.5%
Girl
68.2%
Toy
66.1%
Bit
65.2%
Dress
65.1%
Luck
64.1%
Eyes
63.8%
Secret
62.2%
Apples
60.7%
Lies
51.4%
Lion
50.4%
Miss
45.8%
Jeannie
44.6%
Sixteen
42%
Darlin'
41%
Fool
36.3%
One
35.9%
Soap
33.1%
Talks
23.5%
Submarines
23.4%

You're not logged in!

Compare scores with friends on all Sporcle quizzes.
OR
Log In

Sporcle TV

Today on Sporcle TV


Watch our educational content, quiz creation guides, and fun videos on Sporcle TV.

Show Comments

Extras

Top Quizzes Today


Score Distribution

Paid Content

Your Account Isn't Verified!

In order to create a playlist on Sporcle, you need to verify the email address you used during registration. Go to your Sporcle Settings to finish the process.

Report this User

Report this user for behavior that violates our Community Guidelines.

Details: